| 000 | 00737nam a2200181Ia 4500 | ||
|---|---|---|---|
| 008 | 090124s9999 xx 000 0 und d | ||
| 082 |
_b29575 _a3991 |
||
| 100 | _aजाधव रा. ग. | ||
| 245 | _a प्र.के.अत्रे साहित्यदृष्टी व साहित्यविचार | ||
| 250 | _a1 | ||
| 260 | _c1997 | ||
| 300 | _a190 | ||
| 600 | _aजाधव रा. ग. | ||
| 630 | _a प्र.के.अत्रे साहित्यदृष्टी व साहित्यविचार | ||
| 700 | _aजाधव रा. ग. | ||
| 730 | _a प्र.के.अत्रे साहित्यदृष्टी व साहित्यविचार | ||
| 942 | _cBOOK | ||
| 999 |
_c143057 _d143057 |
||